[Event "48th Bosna it"]
[Site "Sarajevo BIH"]
[Date "2018.05.09"]
[Round "7.34"]
[White "Pantovic, Dragan"]
[Black "Colpa, Husein"]
[Result "1-0"]
[WhiteElo "2107"]
[BlackElo "1922"]
[EventDate "2018.05.05"]
[PlyCount "107"]

1.d4 Nf6 2.Nf3 e6 3.c4 d5 4.Nc3 c6 5.Bg5 Be7 6.e3 Nbd7 7.cxd5 exd5 8.Bd3 
O-O 9.Qc2 Re8 10.O-O Nf8 11.h3 Ng6 12.Ne5 Nd7 13.Bxe7 Qxe7 14.f4 Qh4 15.
Rae1 Nf6 16.Qf2 Qxf2+ 17.Rxf2 Nd7 18.e4 dxe4 19.Nxe4 Ndxe5 20.dxe5 Ne7 21.
Nd6 Rd8 22.Bc4 Be6 23.Bxe6 fxe6 24.Nxb7 Rd4 25.Nc5 Kf7 26.Ne4 h6 27.Nd6+ 
Kg6 28.Re3 a5 29.Rg3+ Kh7 30.f5 Rd1+ 31.Kh2 Rf8 32.f6 Ng6 33.Nc4 Rd5 34.
Re3 gxf6 35.exf6 e5 36.Ra3 Rd4 37.Nxa5 Rd6 38.Raf3 Rf7 39.Nc4 Rd4 40.b3 c5
41.Rf5 Rf4 42.R2xf4 exf4 43.Ne5 Nxe5 44.Rxe5 Rxf6 45.Rxc5 Kg6 46.Kg1 Rd6 
47.a4 Rd1+ 48.Kf2 Rd3 49.Rb5 h5 50.a5 Rd2+ 51.Kf3 Rc2 52.b4 h4 53.Kxf4 
Rxg2 54.a6 1-0

[Event "48th Bosna it"]
[Site "Sarajevo BIH"]
[Date "2018.05.09"]
[Round "7.35"]
[White "Stankovic, Dragan"]
[Black "Maksimovic, Masa"]
[Result "1-0"]
[WhiteElo "1919"]
[BlackElo "2087"]
[EventDate "2018.05.05"]
[PlyCount "139"]

1.e4 c5 2.Nf3 d6 3.d4 cxd4 4.Nxd4 Nf6 5.Nc3 e6 6.Be2 a6 7.Be3 Nbd7 8.O-O 
b5 9.a3 Bb7 10.f3 Rc8 11.Qd2 Qc7 12.Rad1 Be7 13.Bf2 O-O 14.Kh1 Nb6 15.Rfe1
Nfd7 16.Bd3 Ne5 17.Nce2 Nec4 18.Qc1 d5 19.Bg3 Bd6 20.exd5 Nxd5 21.Bxc4 
bxc4 22.Bxd6 Qxd6 23.Ng3 Qc7 24.Nh5 Qd8 25.Re4 Kh8 26.Ne2 Qe7 27.Red4 Rfd8
28.c3 e5 29.R4d2 g6 30.Nhg3 f5 31.Ng1 Kg7 32.Nh3 h6 33.Re1 Qf6 34.Rde2 Re8
35.Qc2 Rcd8 36.b3 Nb6 37.a4 cxb3 38.Qxb3 Bd5 39.Qb4 Rd6 40.a5 Nc4 41.Nf4 
Bf7 42.Nh3 Red8 43.Nf2 Qe7 44.Nf1 Qa7 45.g3 Qa8 46.Kg2 Bd5 47.Kg1 Qc8 48.
Nd2 Nxd2 49.Rxd2 R6d7 50.Rxe5 Bxf3 51.Re7+ Kh8 52.Rdxd7 Rxd7 53.Rxd7 Qxd7 
54.Qf4 Qc6 55.Qxh6+ Kg8 56.Qd2 Kf7 57.Qd4 Qe6 58.Nd3 Be4 59.Ne5+ Kg8 60.c4
Bc6 61.Kf2 Be4 62.Ke3 Qf6 63.Nf3 Qe7 64.Qc3 Qa7+ 65.c5 Qe7 66.Qe5 Qd7 67.
Nd4 Bd5 68.Kf4 Be4 69.Qe6+ Qxe6 70.Nxe6 1-0

[Event "48th Bosna it"]
[Site "Sarajevo BIH"]
[Date "2018.05.09"]
[Round "7.36"]
[White "Zenelaj, Fisnik"]
[Black "Shah, Rishab"]
[Result "1/2-1/2"]
[WhiteElo "1909"]
[BlackElo "2084"]
[EventDate "2018.05.05"]
[PlyCount "67"]

1.c4 Nf6 2.Nc3 g6 3.g3 Bg7 4.Bg2 O-O 5.e4 d6 6.Nge2 c5 7.O-O Nc6 8.d3 a6 
9.Be3 Rb8 10.Qd2 Ng4 11.Bf4 e5 12.Bg5 f6 13.Be3 Nxe3 14.fxe3 Bh6 15.Nd5 
Be6 16.Nec3 b5 17.Rae1 b4 18.Nd1 Rb7 19.Nf2 Rbf7 20.Qd1 Bg7 21.Bh3 Bxh3 
22.Nxh3 Ne7 23.Qg4 Nxd5 24.cxd5 f5 25.exf5 gxf5 26.Qe2 Qf6 27.Qh5 Bh6 28.
Rf3 Qg7 29.Ref1 e4 30.dxe4 fxe4 31.Rxf7 Bxe3+ 32.R7f2 Bxf2+ 33.Rxf2 Rxf2 
34.Kxf2 1/2-1/2

[Event "48th Bosna it"]
[Site "Sarajevo BIH"]
[Date "2018.05.09"]
[Round "7.37"]
[White "Petrovic, Marija"]
[Black "Okovic, Edin"]
[Result "1/2-1/2"]
[WhiteElo "2083"]
[BlackElo "1879"]
[EventDate "2018.05.05"]
[PlyCount "94"]

1.Nf3 Nf6 2.g3 g6 3.d4 d5 4.Bg2 Bg7 5.O-O O-O 6.c3 c6 7.Nbd2 Nbd7 8.Qc2 
Re8 9.h3 e5 10.dxe5 Nxe5 11.Nxe5 Rxe5 12.Nf3 Re8 13.Bg5 h6 14.Bxf6 Qxf6 
15.Rfe1 Bf5 16.Qb3 Re7 17.Rad1 Rae8 18.Rd2 Qe6 19.Kh2 h5 20.Nd4 Qc8 21.e3 
Be5 22.c4 Bxd4 23.Rxd4 dxc4 24.Qxc4 Rd8 25.Red1 Red7 26.b4 Be6 27.Qc5 Rxd4
28.Rxd4 Rxd4 29.Qxd4 Bxa2 30.Qxa7 Be6 31.Qd4 Qf8 32.e4 Qa8 33.Bf3 Qc8 34.
Bg2 Qa8 35.Qb6 Qc8 36.f4 Qd7 37.Qe3 Qd6 38.Qc3 h4 39.e5 hxg3+ 40.Kxg3 Qd7 
41.h4 Qd1 42.Kh2 Qg4 43.Qg3 Qf5 44.Bf3 Qc2+ 45.Qg2 Qc4 46.Qd2 Qf1 47.Bg2 
Qc4 1/2-1/2

[Event "48th Bosna it"]
[Site "Sarajevo BIH"]
[Date "2018.05.09"]
[Round "7.38"]
[White "Zechner, Andrea"]
[Black "Alaz, Ahmet Efekan"]
[Result "0-1"]
[WhiteElo "1811"]
[BlackElo "2072"]
[EventDate "2018.05.05"]
[PlyCount "108"]

1.d4 d5 2.c4 c6 3.Nc3 Nf6 4.Nf3 a6 5.cxd5 cxd5 6.Bf4 e6 7.e3 Be7 8.Bd3 b5 
9.Rc1 Bb7 10.h3 Nbd7 11.O-O O-O 12.a4 b4 13.Nb1 Qb6 14.Bc7 Qa7 15.Nbd2 
Rac8 16.Qb3 Nc5 17.dxc5 Rxc7 18.Qxb4 Bxc5 19.Qf4 Rfc8 20.Nb3 Bb6 21.Rxc7 
Bxc7 22.Qb4 a5 23.Qd2 e5 24.Bf5 Re8 25.Rc1 Bb6 26.Bb1 Qa8 27.Ne1 Rd8 28.
Nd3 d4 29.exd4 exd4 30.f3 Bd5 31.Nbc5 Qb8 32.b4 axb4 33.Qxb4 Qa7 34.Nb3 
Bxb3 35.Qxb3 Bc7 36.Ba2 Bb8 37.Qb5 Qe7 38.Re1 Qa7 39.a5 Bg3 40.Rc1 Qe7 41.
Qc4 Nd5 42.Bb3 Nc3 43.Ra1 Ne2+ 44.Kh1 Bb8 45.Re1 Re8 46.Bd1 Qd6 47.f4 Ng3+
48.Kg1 Rxe1+ 49.Nxe1 g6 50.Nd3 Kg7 51.Ne5 Qe7 52.Qb3 Bxe5 53.fxe5 Qxe5 54.
Qf3 Kh6 0-1

[Event "48th Bosna it"]
[Site "Sarajevo BIH"]
[Date "2018.05.09"]
[Round "7.39"]
[White "Kozarcanin, Sead"]
[Black "Strinic, Hamdija"]
[Result "0-1"]
[WhiteElo "2066"]
[BlackElo "1747"]
[EventDate "2018.05.05"]
[PlyCount "132"]

1.b3 d6 2.Bb2 c5 3.e3 e5 4.d4 cxd4 5.exd4 Nc6 6.Bb5 exd4 7.Qe2+ Qe7 8.Nd2 
a6 9.Bxc6+ bxc6 10.Bxd4 Bg4 11.Qxe7+ Nxe7 12.h3 Bh5 13.g4 Bg6 14.O-O-O c5 
15.Bb2 O-O-O 16.f4 f6 17.Ne2 Nd5 18.f5 Bf7 19.Nc4 Kc7 20.Ng3 Nb4 21.a3 Nc6
22.Ne3 d5 23.Kb1 a5 24.h4 h6 25.Rhf1 Be7 26.Nh5 Rhg8 27.Nf4 d4 28.Nc4 Ne5 
29.Rfe1 Bxc4 30.bxc4 Rd7 31.Ng6 Bd6 32.Nxe5 fxe5 33.h5 a4 34.Bc1 Rf7 35.
Re4 Kc6 36.Rg1 Rb8+ 37.Ka2 Rfb7 38.f6 gxf6 39.Bxh6 Rb2+ 40.Ka1 Rxc2 41.Rb1
Rg8 42.Rf1 Be7 43.g5 Rxc4 44.gxf6 Bd6 45.f7 Rb8 46.Rf6 Kd5 47.Rxd6+ Kxd6 
48.f8=Q+ Rxf8 49.Bxf8+ Kd5 50.Re1 d3 51.Bg7 e4 52.h6 d2 53.Rd1 Rc1+ 54.Kb2
Rxd1 55.Kc2 Rh1 56.Kxd2 Rh3 57.Ke2 c4 58.Kf2 c3 59.Kg2 Rh5 60.Bxc3 Rxh6 
61.Bd2 Rf6 62.Bb4 Kc4 63.Be7 Rf3 64.Bd6 Kd3 65.Bb4 Rf7 66.Be1 e3 0-1

[Event "48th Bosna it"]
[Site "Sarajevo BIH"]
[Date "2018.05.09"]
[Round "7.41"]
[White "Mahmutbegovic, Muharem"]
[Black "Herega, Nejc"]
[Result "1-0"]
[WhiteElo "2039"]
[BlackElo "1600"]
[EventDate "2018.05.05"]
[PlyCount "103"]

1.e4 c5 2.Nf3 d6 3.d4 cxd4 4.Nxd4 Nf6 5.Nc3 g6 6.Be3 Bg7 7.Bc4 O-O 8.f3 
Nc6 9.Qd2 Bd7 10.O-O-O Rb8 11.g4 b5 12.Bb3 Na5 13.h4 Nc4 14.Bxc4 bxc4 15.
h5 Qb6 16.b3 Qa5 17.Kb2 Rfc8 18.hxg6 fxg6 19.g5 Nh5 20.f4 cxb3 21.axb3 Be6
22.Nd5 Qxd2 23.Rxd2 Bxd5 24.exd5 Ng3 25.Ra1 Nf5 26.Bf2 Rb7 27.c3 Nxd4 28.
Bxd4 Bxd4 29.Rxd4 Rcb8 30.Ra3 Rb5 31.Kc2 a5 32.Rda4 Rxd5 33.Rxa5 Rdb5 34.
Rxb5 Rxb5 35.Kd3 Rf5 36.Ra4 e5 37.fxe5 Rxe5 38.Rg4 Kg7 39.b4 h5 40.gxh6+ 
Kxh6 41.c4 g5 42.Re4 Rf5 43.Re6+ Kh5 44.Rxd6 Kh4 45.Rg6 g4 46.b5 g3 47.b6 
Rf3+ 48.Ke4 Rf2 49.c5 Kh3 50.c6 g2 51.c7 Rf8 52.b7 1-0

[Event "48th Bosna it"]
[Site "Sarajevo BIH"]
[Date "2018.05.09"]
[Round "7.42"]
[White "Celik, Eda"]
[Black "Marn, Jan"]
[Result "0-1"]
[WhiteElo "1831"]
[BlackElo "2063"]
[EventDate "2018.05.05"]
[PlyCount "50"]

1.Nf3 d5 2.g3 Nf6 3.Bg2 g6 4.O-O Bg7 5.d3 O-O 6.Nbd2 Nc6 7.e4 dxe4 8.dxe4 
e5 9.c3 a5 10.a4 b6 11.Qc2 Ba6 12.Re1 Nd7 13.Bf1 Nc5 14.Bxa6 Rxa6 15.Nc4 
Qd3 16.Qxd3 Nxd3 17.Re2 Nc5 18.Nfd2 Raa8 19.b3 Rfd8 20.Re3 Bh6 21.Rf3 f5 
22.Ra2 Nxe4 23.g4 fxg4 24.Nxe4 Rd1+ 25.Kg2 gxf3+ 0-1

[Event "48th Bosna it"]
[Site "Sarajevo BIH"]
[Date "2018.05.09"]
[Round "7.43"]
[White "Markovic, Rade"]
[Black "Jovovic, Milan"]
[Result "1/2-1/2"]
[WhiteElo "1767"]
[BlackElo "2042"]
[EventDate "2018.05.05"]
[PlyCount "113"]

1.e4 c5 2.Nc3 Nc6 3.g3 g6 4.Bg2 Bg7 5.d3 d6 6.Be3 e6 7.Qd2 a6 8.f4 Nge7 9.
Nf3 Nd4 10.O-O O-O 11.Nd1 d5 12.c3 Nxf3+ 13.Bxf3 d4 14.cxd4 cxd4 15.Bf2 
Bd7 16.b3 Bc6 17.Nb2 b5 18.Rac1 Qd7 19.Qe2 Rac8 20.Rc2 Bb7 21.Rfc1 Rxc2 
22.Rxc2 Rc8 23.Be1 Nc6 24.a4 Bf8 25.h4 Nb4 26.Rxc8 Qxc8 27.axb5 axb5 28.h5
Qc1 29.hxg6 hxg6 30.Nd1 Qb1 31.Nf2 Nc2 32.Nd1 Nxe1 33.Qxe1 Qxd3 34.Kg2 
Qxb3 35.g4 Qc2+ 36.Nf2 d3 37.Kg3 Bc5 38.Nd1 b4 39.f5 exf5 40.gxf5 gxf5 41.
exf5 Bxf3 42.Kxf3 Qh2 43.Qe8+ Bf8 44.Nf2 d2 45.Qd8 Qd6 46.Qg5+ Bg7 47.Ke2 
Kf8 48.Qxd2 Qxd2+ 49.Kxd2 Ke7 50.Ne4 b3 51.Kd3 b2 52.Kc2 Be5 53.Kb1 Kd7 
54.Ng5 f6 55.Nf7 Bd4 56.Kc2 Ke7 57.Nh6 1/2-1/2

[Event "48th Bosna it"]
[Site "Sarajevo BIH"]
[Date "2018.05.09"]
[Round "7.44"]
[White "Kurtcehajlic, Suad"]
[Black "Camdzija, Samir"]
[Result "1-0"]
[WhiteElo "1994"]
[BlackElo "1822"]
[EventDate "2018.05.05"]
[PlyCount "102"]

1.e4 d6 2.d4 e6 3.Nf3 g6 4.Nc3 Bg7 5.Bd3 Bd7 6.Bg5 f6 7.Be3 Ne7 8.Qd2 Nec6
9.Bh6 O-O 10.O-O Nb4 11.Bxg7 Kxg7 12.Bc4 a5 13.Rad1 Qe8 14.a3 N4a6 15.h3 
Nc6 16.Rfe1 Ne7 17.Nh2 b5 18.Bf1 c6 19.Qf4 Qb8 20.Ng4 Ng8 21.Qd2 f5 22.
exf5 Rxf5 23.Bd3 Rf7 24.Ne4 Qf8 25.Ng5 Re7 26.Qxa5 Nc5 27.Qc3 Na4 28.Qb3 
Rae8 29.Re3 Qf4 30.Ne4 d5 31.Rf3 Qc7 32.Nd2 Qd6 33.c3 Nh6 34.Ne5 Nf5 35.
Qc2 Rf8 36.Re1 Be8 37.Qc1 Nb6 38.Nf1 Bf7 39.Nh2 Nd7 40.Qg5 Nf6 41.g4 h6 
42.Qd2 Ne4 43.Bxe4 dxe4 44.Rxe4 Nh4 45.Rfe3 Be8 46.Nhf3 Nxf3+ 47.Rxf3 Rxf3
48.Nxf3 Rf7 49.Ne5 Rf8 50.Qe3 Rf6 51.Qe2 g5 1-0

[Event "48th Bosna it"]
[Site "Sarajevo BIH"]
[Date "2018.05.09"]
[Round "7.45"]
[White "Erceg, Slobodan"]
[Black "Yerden, Huseyin Eren"]
[Result "0-1"]
[WhiteElo "1791"]
[BlackElo "1975"]
[EventDate "2018.05.05"]
[PlyCount "111"]

1.Nf3 Nf6 2.g3 d5 3.d4 c5 4.Bg2 Nc6 5.O-O e6 6.Bf4 Be7 7.dxc5 Bxc5 8.c4 
O-O 9.Nc3 dxc4 10.Qa4 Qe7 11.Qxc4 e5 12.Bg5 Be6 13.Qh4 h6 14.Bxf6 Qxf6 15.
Qxf6 gxf6 16.Nh4 Rfd8 17.Rfd1 Rac8 18.Nd5 Bxd5 19.Bxd5 Nd4 20.Bxb7 Rb8 21.
Ba6 Rd6 22.Bd3 Rxb2 23.Kf1 h5 24.Rac1 Ne6 25.Nf5 Rd8 26.Bc4 Rxd1+ 27.Rxd1 
Rb4 28.Bb3 Rb7 29.e3 Kh7 30.Rc1 Ba3 31.Rc3 Bb4 32.Rc4 Ng5 33.Rh4 Kg6 34.
Bc2 e4 35.Rf4 Rb5 36.Nh4+ Kg7 37.Bxe4 Nxe4 38.Rxe4 a5 39.Rc4 Ba3 40.Rc2 a4
41.Nf3 Rb1+ 42.Kg2 Bb4 43.Nd2 Rd1 44.Nc4 a3 45.Kf3 Re1 46.Ke4 Rd1 47.Nb6 
Kg6 48.h4 f5+ 49.Kf3 Rb1 50.Ke2 Rb2 51.Kd3 Be1 52.f4 Rxb6 53.Rg2 Kf6 54.
Rg1 Ba5 55.Rg2 Ke6 56.Rc2 0-1

[Event "48th Bosna it"]
[Site "Sarajevo BIH"]
[Date "2018.05.09"]
[Round "7.46"]
[White "Korjenic, Esef"]
[Black "Pleh, Semir"]
[Result "1-0"]
[WhiteElo "1939"]
[BlackElo "1766"]
[EventDate "2018.05.05"]
[PlyCount "89"]

1.e4 c5 2.Nc3 g6 3.Bc4 Bg7 4.f4 a6 5.a4 Nc6 6.Nf3 e6 7.O-O Nge7 8.Re1 O-O 
9.d3 d5 10.Ba2 Nb4 11.Bb3 Qb6 12.Kh1 d4 13.Ne2 Nbc6 14.Ng3 e5 15.fxe5 Nxe5
16.a5 Qc7 17.Bf4 N7c6 18.Bd5 Bg4 19.Qd2 Bxf3 20.gxf3 Nxf3 21.Bxc7 Nxd2 22.
Kg2 Nb4 23.Rac1 Nxd5 24.exd5 c4 25.Rcd1 c3 26.b3 Rfe8 27.d6 Bf6 28.Rxe8+ 
Rxe8 29.d7 Re6 30.d8=Q+ Bxd8 31.Bxd8 h6 32.Bb6 h5 33.h4 g5 34.hxg5 h4 35.
Ne4 Nxe4 36.dxe4 Rxe4 37.Kf3 Re3+ 38.Kf2 Rh3 39.Rxd4 Rh2+ 40.Ke3 Rxc2 41.
Rc4 Rb2 42.Bd4 f5 43.g6 Kf8 44.Rc8+ Ke7 45.g7 1-0

[Event "48th Bosna it"]
[Site "Sarajevo BIH"]
[Date "2018.05.09"]
[Round "7.47"]
[White "Vujicic, Dragisa"]
[Black "Basic, Nemanja"]
[Result "1/2-1/2"]
[WhiteElo "1900"]
[BlackElo "1763"]
[EventDate "2018.05.05"]
[PlyCount "93"]

1.e4 c5 2.Nf3 Nc6 3.d4 cxd4 4.Nxd4 Nf6 5.Nc3 e6 6.Nxc6 bxc6 7.e5 Nd5 8.
Nxd5 cxd5 9.Bd3 Ba6 10.O-O Bxd3 11.Qxd3 Qc7 12.Re1 Rc8 13.c3 g6 14.Bg5 Bg7
15.Bf6 O-O 16.Be7 Rfe8 17.Bd6 Qb7 18.Re2 Rc4 19.Qf3 Rec8 20.g3 Qa6 21.Qd3 
Qc6 22.Rd1 Bf8 23.Bxf8 Kxf8 24.Qe3 Kg7 25.Rd4 a5 26.Red2 a4 27.a3 Rb8 28.
Qf4 Rxd4 29.Qxd4 Rb3 30.Qf4 Qb6 31.Qxa4 Rxb2 32.Rxb2 Qxb2 33.Qb4 Qe2 34.
Qd4 g5 35.g4 Qa6 36.a4 Kf8 37.Kg2 Ke7 38.Kf3 d6 39.exd6+ Kxd6 40.Qb4+ Kc6 
41.Ke3 e5 42.Qe7 Qb6+ 43.Kf3 e4+ 44.Kg2 Qa5 45.Qf6+ Kc5 46.Qd4+ Kd6 47.
Qf6+ 1/2-1/2

[Event "48th Bosna it"]
[Site "Sarajevo BIH"]
[Date "2018.05.09"]
[Round "7.48"]
[White "Taylor, Robert Graham"]
[Black "Terzic, Enes"]
[Result "0-1"]
[WhiteElo "1889"]
[BlackElo "1716"]
[EventDate "2018.05.05"]
[PlyCount "44"]

1.Nf3 d6 2.d4 Nd7 3.e4 g6 4.Be2 Bg7 5.Nc3 c6 6.O-O Qc7 7.Be3 Ngf6 8.h3 O-O
9.Qd2 Re8 10.a4 a5 11.Ne1 e5 12.dxe5 dxe5 13.Rd1 Nf8 14.Bc5 b6 15.Be3 Ne6 
16.Qd6 Qb7 17.Nf3 c5 18.Nxe5 Rd8 19.Qxd8+ Nxd8 20.Rxd8+ Bf8 21.Bh6 Be6 22.
Rxf8+ Rxf8 {nepregledno} 0-1

[Event "48th Bosna it"]
[Site "Sarajevo BIH"]
[Date "2018.05.09"]
[Round "7.49"]
[White "Bies, Brian"]
[Black "Janjic, Nikola"]
[Result "1-0"]
[WhiteElo "1610"]
[BlackElo "1874"]
[EventDate "2018.05.05"]
[PlyCount "105"]

1.e4 e5 2.f4 d5 3.exd5 exf4 4.Nf3 Qxd5 5.d4 Nf6 6.Bxf4 Qe4+ 7.Qe2 Bf5 8.
Bxc7 Qxe2+ 9.Bxe2 Bxc2 10.Nc3 Bb4 11.a3 Bxc3+ 12.bxc3 O-O 13.Rc1 Be4 14.
O-O Rc8 15.Bg3 Nbd7 16.Nd2 Re8 17.Bb5 a6 18.Nxe4 Rxe4 19.Bd3 Re3 20.Bf5 g6
21.Bh3 Rae8 22.Rce1 Rxe1 23.Rxe1 Rxe1+ 24.Bxe1 Nb6 25.Kf2 Ne4+ 26.Ke2 f5 
27.Kd3 Nd5 28.g3 Kf7 29.Bg2 Ndf6 30.a4 b5 31.c4 bxa4 32.c5 Ke6 33.Kc4 Nd5 
34.Bf3 g5 35.g4 Ne3+ 36.Kd3 Nxg4 37.Bxg4 a3 38.Bd1 Kd5 39.Bf3 a2 40.Bc3 g4
41.Bxe4+ fxe4+ 42.Ke3 h5 43.c6 Kxc6 44.Kxe4 h4 45.Kf4 g3 46.hxg3 h3 47.Kf3
Kd5 48.g4 Kc4 49.Ba1 Kb3 50.d5 Kc2 51.d6 Kb1 52.Be5 h2 53.Kg2 1-0

[Event "48th Bosna it"]
[Site "Sarajevo BIH"]
[Date "2018.05.09"]
[Round "7.51"]
[White "Fejzic, Danis"]
[Black "Zenelaj, Samuel"]
[Result "0-1"]
[WhiteElo "1460"]
[BlackElo "1840"]
[EventDate "2018.05.05"]
[PlyCount "70"]

1.e4 g6 2.d4 Bg7 3.Nf3 d6 4.c4 Nf6 5.Nc3 O-O 6.Be2 e5 7.d5 a5 8.a4 Nbd7 9.
O-O Nc5 10.Qc2 Ne8 11.Nd2 f5 12.f3 f4 13.Qd1 h5 14.Qe1 g5 15.h3 Nf6 16.g4 
fxg3 17.Qxg3 Kf7 18.Kf2 Bh6 19.Ra3 h4 20.Qg2 Nh5 21.Nb3 Nd7 22.Rg1 Rg8 23.
Nd1 Nb6 24.Bd2 Qf6 25.Nxa5 Rxa5 26.Bxa5 Nf4 27.Qh2 Nxh3+ 28.Ke1 Nxg1 29.
Qxg1 h3 30.Qh2 Qf4 31.Qxf4+ gxf4 32.Nf2 h2 33.Bf1 Rg1 34.Bxb6 cxb6 35.Ke2 
Bg5 0-1

[Event "48th Bosna it"]
[Site "Sarajevo BIH"]
[Date "2018.05.09"]
[Round "7.52"]
[White "Kajevic, Dzevad"]
[Black "Odzak, Senad"]
[Result "0-1"]
[WhiteElo "1979"]
[BlackElo "1802"]
[EventDate "2018.05.05"]
[PlyCount "106"]

1.d4 f5 2.Nf3 e6 3.c4 Nf6 4.Bg5 Be7 5.Nc3 O-O 6.e3 b6 7.Be2 Bb7 8.h3 c5 9.
O-O Na6 10.Bxf6 Bxf6 11.d5 Bxc3 12.bxc3 Qf6 13.Qd2 e5 14.Nh2 d6 15.f4 exf4
16.Rxf4 Rae8 17.Raf1 Qe5 18.R1f3 Nc7 19.Bd3 g6 20.e4 fxe4 21.Rxe4 Qg7 22.
Ref4 Bc8 23.a4 Bd7 24.Bc2 a6 25.h4 b5 26.cxb5 axb5 27.axb5 Nxb5 28.Ba4 
Rxf4 29.Qxf4 Nxc3 30.Rxc3 Bxa4 31.Ra3 Bb5 32.Ng4 Rf8 33.Qe3 h5 34.Qe6+ Kh8
35.Ne3 Qf6 36.Qxf6+ Rxf6 37.Ra7 Bd3 38.Rc7 Kg8 39.Kh2 Rf7 40.Rc6 Rd7 41.g4
Re7 42.Ng2 hxg4 43.Nf4 c4 44.Rxd6 Kf7 45.Rc6 Re3 46.Rc7+ Kf6 47.Ng2 g3+ 
48.Kg1 Rf3 49.Rc6+ Kf7 50.Rc7+ Ke8 51.Ne1 Rf1+ 52.Kg2 Rxe1 53.Kxg3 Re4 0-1

[Event "48th Bosna it"]
[Site "Sarajevo BIH"]
[Date "2018.05.09"]
[Round "7.53"]
[White "Dedic, Nedzad"]
[Black "Comor, Harun"]
[Result "0-1"]
[WhiteElo "1973"]
[BlackElo "1712"]
[EventDate "2018.05.05"]
[PlyCount "96"]

1.e4 c6 2.d4 d5 3.Nc3 dxe4 4.Nxe4 Bf5 5.Ng3 Bg6 6.Bc4 e6 7.Nf3 Nf6 8.O-O 
Bd6 9.Bg5 h6 10.Bd2 Nbd7 11.Qe2 Nd5 12.Bb3 O-O 13.c4 N5f6 14.Bc3 Re8 15.
Rad1 Qc7 16.Bc2 Bxc2 17.Qxc2 Rad8 18.b4 b5 19.Qb3 bxc4 20.Qxc4 Nb6 21.Qb3 
Nbd5 22.Rc1 Nxc3 23.Qxc3 Nd5 24.Qxc6 Qxc6 25.Rxc6 Nxb4 26.Rc4 Rc8 27.Ne4 
Bxh2+ 28.Kxh2 Rxc4 29.Nd6 Rec8 30.a3 Nd5 31.Nxc8 Rxc8 32.Rb1 Rc3 33.Rb8+ 
Kh7 34.Rb7 Rxa3 35.Rxf7 a5 36.Ra7 Nf4 37.Ra6 Ra4 38.g3 Ne2 39.Rd6 Kg8 40.
Kg2 Ra3 41.Ne5 a4 42.Kf1 Ra2 43.Nf3 a3 44.Rxe6 Nc3 45.Ra6 Ra1+ 46.Kg2 a2 
47.Nd2 Rd1 48.Nb3 Rb1 0-1

[Event "48th Bosna it"]
[Site "Sarajevo BIH"]
[Date "2018.05.09"]
[Round "7.54"]
[White "Muhibic, Cazim"]
[Black "Radaca, Nasir"]
[Result "1-0"]
[WhiteElo "1920"]
[BlackElo "1619"]
[EventDate "2018.05.05"]
[PlyCount "153"]

1.Nf3 Nf6 2.g3 d6 3.d4 g6 4.Bg2 Bg7 5.O-O O-O 6.Re1 Nbd7 7.e4 e5 8.dxe5 
Nxe5 9.Nxe5 dxe5 10.Qe2 Qe7 11.Nc3 c6 12.h3 Be6 13.Be3 b6 14.Qd2 Rfd8 15.
Qc1 Rd7 16.Bg5 Qf8 17.a3 h6 18.Be3 Kh7 19.Kh2 Rad8 20.Rd1 Rxd1 21.Nxd1 Nd7
22.Nc3 Nc5 23.Qe1 Nb7 24.Bf1 Nd6 25.b3 Qe7 26.a4 f5 27.f3 fxe4 28.fxe4 Nf7
29.Rd1 Rxd1 30.Qxd1 Qd7 31.Qxd7 Bxd7 32.a5 c5 33.axb6 axb6 34.Nd5 Nd6 35.
Bg2 Nc8 36.Bf1 Bc6 37.Ba6 Bxd5 38.exd5 Ne7 39.d6 Nf5 40.d7 Bf6 41.Bg1 Bd8 
42.Kg2 Kg7 43.Bd3 Kf6 44.Kf3 Ke6 45.g4 Ne7 46.Bb5 Kd6 47.Be3 g5 48.Ke4 Nd5
49.Bd2 Ne7 50.Bc3 Ng6 51.Ke3 Ne7 52.Kf3 Nd5 53.Bd2 Nc7 54.Bd3 Kxd7 55.Ke4 
Ke6 56.Bc4+ Kf6 57.Bc3 Kg6 58.Bxe5 b5 59.Bd3 h5 60.Bxc7 Bxc7 61.Kd5+ Kh6 
62.Kxc5 h4 63.Bxb5 Kg6 64.Kd5 Kf6 65.Ba6 Ba5 66.c4 Ke7 67.Kc6 Ke6 68.Kc5 
Kd7 69.b4 Bd8 70.b5 Kc7 71.b6+ Kb8 72.Kc6 Bf6 73.Kd6 Bd4 74.c5 Be3 75.Kc6 
Bf4 76.Kb5 Be5 77.c6 1-0

[Event "48th Bosna it"]
[Site "Sarajevo BIH"]
[Date "2018.05.09"]
[Round "7.55"]
[White "Lakota, Izet"]
[Black "Cabric, Izet"]
[Result "0-1"]
[WhiteElo "1761"]
[BlackElo "1885"]
[EventDate "2018.05.05"]
[PlyCount "92"]

1.e4 d6 2.g3 g6 3.Bg2 Bg7 4.Ne2 Nf6 5.d4 c5 6.dxc5 Qa5+ 7.Bd2 Qxc5 8.Bc3 
Nc6 9.a3 O-O 10.O-O Bd7 11.Nd2 a5 12.Nb3 Qh5 13.Nf4 Qb5 14.Qd3 Qb6 15.Nd5 
Nxd5 16.exd5 Ne5 17.Qe4 Rfc8 18.Rac1 a4 19.Nd2 Qb5 20.Rfe1 Rc7 21.Bf1 Qb6 
22.Bd4 Qa5 23.Bc3 Rxc3 24.bxc3 Qxc3 25.Nb1 Qc5 26.Qe3 Rc8 27.Qxc5 Rxc5 28.
Bg2 Kf8 29.Re4 b5 30.h3 Nc4 31.c3 Nb6 32.Re3 Nxd5 33.Bxd5 Rxd5 34.Rce1 Bf6
35.h4 h6 36.Kf1 Bf5 37.Ke2 g5 38.hxg5 hxg5 39.Nd2 Rc5 40.Rc1 d5 41.Kd1 e6 
42.Nf3 g4 43.Ne5 Ke7 44.Nd3 Rc7 45.Rb1 Rxc3 46.Kd2 d4 0-1

[Event "48th Bosna it"]
[Site "Sarajevo BIH"]
[Date "2018.05.09"]
[Round "7.56"]
[White "Stanivukovic, Drago"]
[Black "Alispahic, Armin"]
[Result "1-0"]
[WhiteElo "1872"]
[BlackElo "1549"]
[EventDate "2018.05.05"]
[PlyCount "109"]

1.d4 Nf6 2.c4 e6 3.a3 c5 4.d5 exd5 5.cxd5 d6 6.e4 Nbd7 7.Nc3 Be7 8.f3 h6 
9.Bf4 O-O 10.Qd2 a6 11.Nh3 Nh7 12.Bd3 Ne5 13.Bxe5 dxe5 14.g4 h5 15.Rg1 
hxg4 16.fxg4 Bh4+ 17.Kd1 Ng5 18.Qg2 Qb6 19.Kc2 c4 20.Bxc4 Nxh3 21.Qxh3 
Qf2+ 22.Be2 Bg5 23.Raf1 Qd4 24.Rd1 Qc5 25.b4 Qb6 26.Qh5 Be3 27.Rg3 Bd4 28.
Rh3 f6 29.Bc4 Qd6 30.Ne2 Bd7 31.Rxd4 exd4 32.Nxd4 Rfe8 33.Ne6 Bxe6 34.dxe6
Rxe6 35.Qh8+ Kf7 36.Qxa8 Qc6 37.Kb3 Qxe4 38.Qc8 Qb1+ 39.Kc3 Qa1+ 40.Kb3 
Qb1+ 41.Ka4 b5+ 42.Ka5 bxc4 43.Qxc4 Qe1 44.Rd3 Qe5+ 45.Rd5 Qe3 46.Rd7+ Kg8
47.Rd8+ Kf7 48.Ka4 Qb6 49.Rd7+ Kg8 50.Qc8+ Kh7 51.Qb7 Qg1 52.Rxg7+ Kh6 53.
g5+ fxg5 54.Rh7+ Kg6 55.Qf7# 1-0

[Event "48th Bosna it"]
[Site "Sarajevo BIH"]
[Date "2018.05.09"]
[Round "7.58"]
[White "Bajic, Salko"]
[Black "Beslija, Ismir"]
[Result "1-0"]
[WhiteElo "1715"]
[BlackElo "1696"]
[EventDate "2018.05.05"]
[PlyCount "47"]

1.e4 e5 2.Nf3 Nc6 3.Bc4 d6 4.d4 exd4 5.Nxd4 Ne5 6.Bb3 c5 7.Nf3 Bg4 8.Nc3 
Nf6 9.Bg5 Qa5 10.Bxf6 gxf6 11.Qd5 Bxf3 12.gxf3 O-O-O 13.O-O-O Bh6+ 14.Kb1 
a6 15.Ne2 Qc7 16.c4 Nxf3 17.Qf5+ Kb8 18.Qxf3 Qe7 19.Ng3 Qe5 20.Rd5 Qe6 21.
Nf5 Bf8 22.Rhd1 Kc7 23.Qf4 Be7 24.Rxc5+ 1-0

[Event "48th Bosna it"]
[Site "Sarajevo BIH"]
[Date "2018.05.09"]
[Round "7.59"]
[White "Bavcic, Fuad"]
[Black "Kabadayi, Suleyman Arda"]
[Result "0-1"]
[WhiteElo "1694"]
[BlackElo "1514"]
[EventDate "2018.05.05"]
[PlyCount "102"]

1.d4 Nf6 2.c4 g6 3.Nc3 d5 4.h3 Bg7 5.Bf4 O-O 6.e3 c5 7.Nf3 Nc6 8.Be2 dxc4 
9.Bxc4 Nh5 10.Bh2 cxd4 11.exd4 Nxd4 12.g4 Nxf3+ 13.Qxf3 Nf6 14.O-O Qb6 15.
Na4 Qb4 16.Bb3 Bd7 17.Nc3 Bc6 18.Qe3 e6 19.Rad1 Ne4 20.f3 Nxc3 21.Bd6 Nxd1
22.Rxd1 Qb6 23.Bc5 Qa6 24.Bxf8 Rxf8 25.Rd2 Qb6 26.Qxb6 axb6 27.f4 Bf6 28.
g5 Be7 29.Kf2 Rd8 30.Re2 Bd5 31.Ba4 Bc5+ 32.Kg3 Bxa2 33.b4 Bc4 34.Rc2 Bd3 
35.Rb2 Bd4 36.Rh2 e5 37.Bc2 e4 38.h4 Re8 39.h5 Bxc2 40.Rxc2 e3 41.Kf3 e2 
42.Rxe2 Rxe2 43.Kxe2 gxh5 44.b5 h4 45.Kf3 h3 46.Kg3 Be3 47.Kxh3 Bxf4 48.
Kg4 Bxg5 49.Kxg5 Kg7 50.Kf5 f6 51.Ke6 h5 0-1

[Event "48th Bosna it"]
[Site "Sarajevo BIH"]
[Date "2018.05.09"]
[Round "7.60"]
[White "Rakita, Jandrija"]
[Black "Beslija, Hana"]
[Result "1-0"]
[WhiteElo "1688"]
[BlackElo "1129"]
[EventDate "2018.05.05"]
[PlyCount "49"]

1.e4 d5 2.exd5 Qxd5 3.Nc3 Qa5 4.d4 c6 5.Bc4 Nf6 6.h3 Bf5 7.Bd2 Qc7 8.Rc1 
e6 9.Qf3 Bd6 10.Nge2 Nbd7 11.O-O h6 12.Rfe1 Bh7 13.Nf4 O-O 14.a3 Rad8 15.
Bb3 Rfe8 16.Re2 e5 17.dxe5 Nxe5 18.Rxe5 Bxe5 19.g4 Re7 20.Nd3 Bxd3 21.cxd3
Nh7 22.Nd5 Qd7 23.Nxe7+ Qxe7 24.Re1 Qd7 25.Be3 1-0

[Event "48th Bosna it"]
[Site "Sarajevo BIH"]
[Date "2018.05.09"]
[Round "7.66"]
[White "Tutic, Amina"]
[Black "Gazija, Tarik"]
[Result "1-0"]
[WhiteElo "1439"]
[BlackElo "1528"]
[EventDate "2018.05.05"]
[PlyCount "39"]

1.e4 c5 2.Nf3 d6 3.c4 e5 4.d3 Nf6 5.h3 g6 6.g4 Bg7 7.Bg2 Nc6 8.Nc3 O-O 9.
Be3 Be6 10.Qd2 Qe7 11.Bh6 Qd7 12.Bxg7 Kxg7 13.g5 Nh5 14.Nd5 Nd4 15.Nxd4 
cxd4 16.Bf3 Bxh3 17.Bxh5 gxh5 18.Nf6 Qe6 19.Nxh5+ Kg6 20.f4 1-0

[Event "48th Bosna it"]
[Site "Sarajevo BIH"]
[Date "2018.05.10"]
[Round "8.1"]
[White "Kozul, Zdenko"]
[Black "Yilmaz, Mustafa"]
[Result "0-1"]
[WhiteElo "2597"]
[BlackElo "2621"]
[EventDate "2018.05.05"]
[PlyCount "80"]

1.d4 Nf6 2.c4 e6 3.Nf3 c5 4.d5 d6 5.Nc3 exd5 6.cxd5 g6 7.e4 Bg7 8.Be2 O-O 
9.O-O Re8 10.Nd2 Nbd7 11.a4 Ne5 12.Re1 a6 13.Nf1 Nfg4 14.f3 Nh6 15.Be3 f5 
16.Qd2 Nef7 17.Bd3 fxe4 18.Bxe4 Bd7 19.h3 b5 20.axb5 axb5 21.Rxa8 Qxa8 22.
g4 b4 23.Nd1 Rxe4 24.fxe4 Ne5 25.Nh2 Nhf7 26.Bf4 Bb5 27.Bxe5 Nxe5 28.g5 
Qc8 29.Kg2 Nd3 30.Ng4 Nxe1+ 31.Qxe1 Bd7 32.Qg3 Bxg4 33.Qxg4 Qxg4+ 34.hxg4 
c4 35.Ne3 Bxb2 36.Nxc4 Be5 37.Kf3 b3 38.Ke3 b2 39.Na3 Kg7 40.Kd3 h5 {Kd4} 
0-1